000 00445nam a2200169Ia 4500
008 230917s9999||||xx |||||||||||||| ||und||
020 _cRS750
040 _e240227
_aMAIN
041 _aEnglish
082 _a346.03 R187L(27)
100 _aRatanlal
245 0 _aRatanlal and Dhirajlal Law of torts
250 _a27th ed.
260 _aGurgaon
_bLexisNexis
_c2016
500 _a2721 24/05/2017 HBD17/6988 14/06/2017 Main Budget
942 _cBK
999 _c22654
_d22654